000 00664nam a22002177a 4500
999 _c10769
_d10769
003 AR-CdUCM
008 190401b ||||| |||| 00| 0 spa d
040 _aMUNICIPALIDAD PROVINCIAL DEL CUSCO
_cBIBLIOTECA MUNICIPAL DEL CUSCO
082 _aC / 869.503 /
_bSA11
100 _aSaavedra S., Roman
_923269
245 _aEstepa en llamas y otros cuentos /
260 _aCusco :
_bEdiciones Kuntur,
_c1973.
300 _a152 páginas ;
_bilustraciones, retrato,
_c21 cm.
505 _aContenido: Cuentos.
650 _aLiteratura Peruana
_9132
650 _aSiglo XX
_98
650 _aCuentos
_9217
650 _aCusco
_9772
942 _2ddc
_cLIBROS
945 _aachl